000 00653nam a2200229Ii 4500
003 JO-AjNU
008 230606s9999||||xx |||||||||||||| ||und||
020 _a978-0-07-059113-4
040 _aJO-AjNU
_beng
_erda
_cJO-AjNU
041 _aeng
050 1 4 _aQA76.6.2007
100 3 _aGodbole,Achyut s,
_eauthor
_9391
245 0 0 _aoperating systems
250 _a2 ed
264 3 1 _aTataMagraw-hill puplushing Company Limited:NewDELHI,2007
300 _a692p
336 _atext
_btxt
_2rdacontent
337 _aunmediated
_bn
_2rdamedia
338 _avolume
_bnc
_2rdacarrier
490 0 _aCOMPUTER Engineering Series
650 4 _aoperating systems
_9392
999 _aE209
_c209
_d209